书目信息 |
| 题名: |
从这里学NVH
|
|
| 作者: | 谭祥军 编著 | |
| 分册: | ||
| 出版信息: | 北京 机械工业出版社 2021.01 |
|
| 页数: | XI, 340页 | |
| 开本: | 26cm | |
| 丛书名: | 模态空间系列丛书 | |
| 单 册: | ||
| 中图分类: | TB53 , TB123 | |
| 科图分类: | ||
| 主题词: | 噪声控制--zao sheng kong zhi , 结构振动控制--jie gou zhen dong kong zhi | |
| 电子资源: | ||
| ISBN: | 978-7-111-67013-1 | |
| 000 | 01309nam 2200349 450 | |
| 001 | 202021194475 | |
| 005 | 20211025120147.0 | |
| 010 | @a978-7-111-67013-1@b精装@dCNY139.00 | |
| 092 | @aCN@bRt969-0699 | |
| 100 | @a20211005d2021 em y0chiy50 ea | |
| 101 | 0 | @achi |
| 102 | @aCN@b110000 | |
| 105 | @aa a 000yy | |
| 106 | @ar | |
| 200 | 1 | @a从这里学NVH@Acong zhe li xue NVH@e旋转机械NVH分析与TPA分析@f谭祥军编著 |
| 210 | @a北京@c机械工业出版社@d2021.01 | |
| 215 | @aXI, 340页@c彩图@d26cm | |
| 225 | 2 | @a模态空间系列丛书@Amo tai kong jian xi lie cong shu |
| 300 | @a全彩印刷 | |
| 314 | @a谭祥军, 中国振动工程学会模态分析与试验专业委员会委员等职。 | |
| 320 | @a有书目 (第340页) | |
| 330 | @a本书介绍了旋转机械NVH和TPA分析实践所需的基础知识。书中内容从基本概念出发, 侧重实际工程问题与相关理论, 详述了NVH分析方法与应用对象、按照“源-路径-接收者”模型处理NVH问题的TPA分析方法等内容。 | |
| 410 | 0 | @12001 @a模态空间系列丛书 |
| 517 | 1 | @a旋转机械NVH分析与TPA分析@Axuan zhuan ji xie NVH fen xi yu TPA fen xi |
| 606 | 0 | @a噪声控制@Azao sheng kong zhi |
| 606 | 0 | @a结构振动控制@Ajie gou zhen dong kong zhi |
| 690 | @aTB53@v5 | |
| 690 | @aTB123@v5 | |
| 701 | 0 | @a谭祥军@Atan xiang jun@4编著 |
| 801 | 0 | @aCN@c20210909 |
| 905 | @a河南城建学院图书馆@dTB53@eT132 | |
| 961 | @a5303386 | |
| 从这里学NVH:旋转机械NVH分析与TPA分析/谭祥军编著.-北京:机械工业出版社,2021.01 |
| XI, 340页:彩图;26cm.-(模态空间系列丛书) |
| 全彩印刷 |
| ISBN 978-7-111-67013-1(精装):CNY139.00 |
| 本书介绍了旋转机械NVH和TPA分析实践所需的基础知识。书中内容从基本概念出发, 侧重实际工程问题与相关理论, 详述了NVH分析方法与应用对象、按照“源-路径-接收者”模型处理NVH问题的TPA分析方法等内容。 |
| ● |
| 相关链接 |
|
|
|
正题名:从这里学NVH
索取号:TB53/T132
 
预约/预借
| 序号 | 登录号 | 条形码 | 馆藏地/架位号 | 状态 | 备注 |
| 1 | 1543609 | 215436099 | 自科库501/501自科库 18排1列3层/ [索取号:TB53/T132] | 在馆 |